| 000 | 01327cab a2200241 4500 | ||
|---|---|---|---|
| 001 | X646 | ||
| 008 | 090401t1993 xxu||||| |||| 00| 0 eng d | ||
| 035 | _a(Sirsi) u66760 | ||
| 041 | _aeng | ||
| 245 | _aCamden LBC v SoS Environment; NFC Properties Ltd and Hyperion Properties plc | ||
| 260 | _c1993 | ||
| 350 | _a0 | ||
| 490 |
_aJournal of Planning and Environment Law _v1993 JPL 466-472(7) |
||
| 520 | _aQBD 19 June 1992. Outline planning permission. B1 development. Standard form reserved matter condition. Condition restricting amount of floor space of office buildings. Viable office development scheme required less office space than that specified in the condition. Was effect given by SoS to Inspector`s conclusions regarding viable development. Reservation of design as a reserved matter allegedly enabling control over floor space. Was the outline planning permission creating a principle of office development with a ceiling on floor space or 73,823 sq m of office development subject to detailed consideration of design. Caes headnote. | ||
| 650 | _aBI DEVELOPMENT | ||
| 650 | _aCAMDEN GOODS YARD | ||
| 650 | _aOUTLINE PLANNING PERMISSION | ||
| 650 | _aRESERVED MATTERS CONDITIONS | ||
| 650 | _aVIABLE DEVELOPMENT | ||
| 690 | _aPLANNING LAW AND PRACTICE-CASE LAW | ||
| 942 | _n0 | ||
| 948 | _c04/03/1997 | ||
| 999 |
_c41708 _d41708 |
||